| 000 | 00358nam a22001217a 4500 | ||
|---|---|---|---|
| 082 |
_a343.015 _bMIN _cDON |
||
| 245 |
_aArmy equipment regulations vol-II _bMinistry of Defence |
||
| 260 |
_aMinistry of Defence _bArm Branch _c1975 |
||
| 300 |
_a211 p. : _bill, ; _c20 cm. |
||
| 526 |
_a0 _b0 _c0 _d343_015000000000000_MIN |
||
| 650 |
_aDON _937677 |
||
| 942 |
_2ddc _cBK |
||
| 999 |
_c542498 _d542498 |
||